[Event "Backi Petrovac Vujovic Memorial"]
[Site "Backi Petrovac"]
[Date "2018.07.13"]
[Round "9"]
[White "Cervenak, Juraj"]
[Black "Markovic, Miroslav"]
[Result "0-1"]
[WhiteElo "1908"]
[BlackElo "2470"]
[PlyCount "54"]
[EventDate "2018.07.08"]
[EventType "swiss"]
[EventRounds "9"]
[EventCountry "SRB"]
[SourceTitle "EXT 2019"]
[Source "ChessBase"]
[SourceDate "2018.10.10"]
[SourceVersion "1"]
[SourceVersionDate "2018.10.10"]
[SourceQuality "1"]

1. e4 e5 2. Nf3 Nc6 3. Bb5 Bb4 4. c3 Ba5 5. 0-0 Nge7 6. b4 Bb6 7. Re1 0-0 8. d3 a5 9. bxa5 Rxa5 10. Bc4 h6 11. Bb2 d6 12. Nbd2 Bg4 13. h3 Bh5 14. Nf1 d5 15. exd5 Nxd5 16. Ng3 Bg6 17. Nxe5 Nxe5 18. Rxe5 Bxf2+ 19. Kxf2 Qf6+ 20. Qf3 Qxe5 21. Re1 Qd6 22. Re2 Nf4 23. Rd2 Rg5 24. h4 Bh5 25. hxg5 Bxf3 26. gxf3 hxg5 27. Ne4 Qh6 0-1

[Event "Backi Petrovac Vujovic Memorial"]
[Site "Backi Petrovac"]
[Date "2018.07.11"]
[Round "5"]
[White "Cervenak, Juraj"]
[Black "Bozic, Milan"]
[Result "0-1"]
[WhiteElo "1908"]
[BlackElo "2398"]
[PlyCount "80"]
[EventDate "2018.07.08"]
[EventType "swiss"]
[EventRounds "9"]
[EventCountry "SRB"]
[SourceTitle "EXT 2019"]
[Source "ChessBase"]
[SourceDate "2018.10.10"]
[SourceVersion "1"]
[SourceVersionDate "2018.10.10"]
[SourceQuality "1"]

1. Nf3 e6 2. g3 d5 3. c4 Nf6 4. Bg2 Be7 5. 0-0 0-0 6. d4 c6 7. Qc2 h6 8. b3 b6 9. Nc3 Bb7 10. Bb2 Nbd7 11. e4 dxe4 12. Nxe4 Nxe4 13. Qxe4 Nf6 14. Qe2 Re8 15. Ne5 Qc7 16. a3 c5 17. Rfd1 Bxg2 18. Kxg2 cxd4 19. Bxd4 Rad8 20. Nf3 Qb7 21. Bb2 Ne4 22. Rxd8 Rxd8 23. Rd1 Rxd1 24. Qxd1 Bc5 25. b4 Bxf2 26. Ne5 f6 27. Ng6 Nc3+ 28. Qf3 Qxf3+ 29. Kxf3 Na4 30. Kxf2 Nxb2 31. Nf4 Nxc4 32. Nxe6 Nxa3 33. Nd4 a5 34. bxa5 bxa5 35. Nb3 Nc4 36. Ke2 a4 37. Nc1 f5 38. Kd3 Ne5+ 39. Kc3 Nf3 40. h4 f4 0-1

[Event "Backi Petrovac Cani Memorial"]
[Site "Backi Petrovac"]
[Date "2017.03.22"]
[Round "4"]
[White "Cervenak, Juraj"]
[Black "Sredojevic, Ivan"]
[Result "0-1"]
[WhiteElo "1877"]
[BlackElo "2367"]
[PlyCount "54"]
[EventDate "2017.03.20"]
[EventType "swiss"]
[EventRounds "9"]
[EventCountry "SRB"]
[SourceTitle "CBM 177 Extra"]
[Source "ChessBase"]
[SourceDate "2017.04.27"]
[SourceVersion "1"]
[SourceVersionDate "2017.04.27"]
[SourceQuality "1"]

1. e4 c5 2. Nf3 d6 3. d4 cxd4 4. Nxd4 Nf6 5. Nc3 a6 6. Be2 e6 7. 0-0 Be7 8. f4 0-0 9. Kh1 Qc7 10. Qe1 b5 11. a3 Bb7 12. Bf3 Nc6 13. Nxc6 Bxc6 14. e5 dxe5 15. fxe5 Nd7 16. Bxc6 Qxc6 17. Qg3 Kh8 18. Bg5 Bxg5 19. Qxg5 Qc5 20. Rae1 f6 21. Qg4 Nxe5 22. Qxe6 b4 23. Ne4 Qxc2 24. Nxf6 Nd3 25. Re2 Nf4 26. Ne8 Nxe6 27. Rxf8+ Nxf8 0-1

[Event "Backi Petrovac Cani Memorial"]
[Site "Backi Petrovac"]
[Date "2017.03.20"]
[Round "1"]
[White "Popchev, Milko"]
[Black "Cervenak, Juraj"]
[Result "1-0"]
[WhiteElo "2310"]
[BlackElo "1877"]
[PlyCount "109"]
[EventDate "2017.03.20"]
[EventType "swiss"]
[EventRounds "9"]
[EventCountry "SRB"]
[SourceTitle "CBM 177 Extra"]
[Source "ChessBase"]
[SourceDate "2017.04.27"]
[SourceVersion "1"]
[SourceVersionDate "2017.04.27"]
[SourceQuality "1"]

1. g3 Nf6 2. Bg2 d5 3. c4 e6 4. Nf3 c5 5. 0-0 Nc6 6. Nc3 Be7 7. cxd5 exd5 8. d4 h6 9. dxc5 Bxc5 10. Bf4 a6 11. Rc1 Ba7 12. Ne5 Be6 13. Nxc6 bxc6 14. Na4 Rc8 15. Nc5 Bxc5 16. Rxc5 0-0 17. Qa4 Qb6 18. Qa3 Ne4 19. Ra5 Ra8 20. b4 Rfd8 21. Qb2 Nd6 22. Rc5 Nc4 23. Qd4 Qb7 24. Rc1 Rac8 25. Qc3 Qd7 26. e4 f6 27. exd5 cxd5 28. Qd4 Rxc5 29. Qxc5 Ne5 30. Rd1 Bf7 31. Be3 Nc4 32. Bd4 Rc8 33. Qa7 Qc6 34. Bc5 Ra8 35. Qxf7+ Kxf7 36. Bxd5+ Qxd5 37. Rxd5 Ke6 38. Rd4 Ne5 39. Rd6+ Kf5 40. f4 Nf3+ 41. Kg2 Ne1+ 42. Kf2 Nc2 43. Rd2 Na3 44. Kf3 Re8 45. g4+ Kg6 46. f5+ Kh7 47. Rd6 Nc4 48. Rxa6 Nd2+ 49. Kf2 Ne4+ 50. Kg2 Nd2 51. Re6 Rd8 52. Rd6 Rxd6 53. Bxd6 Nc4 54. Bc5 Kg8 55. a4 1-0

[Event "Vojvodina-ch 7th"]
[Site "Novi Sad"]
[Date "2016.07.15"]
[Round "1"]
[White "Pastar, Slaven"]
[Black "Cervenak, Juraj"]
[Result "1-0"]
[WhiteElo "2244"]
[BlackElo "1899"]
[PlyCount "54"]
[EventDate "2016.07.15"]
[EventType "swiss"]
[EventRounds "9"]
[EventCountry "YUG"]
[SourceTitle "CBM 173 Extra"]
[Source "ChessBase"]
[SourceDate "2016.08.29"]
[SourceVersion "1"]
[SourceVersionDate "2016.08.29"]
[SourceQuality "1"]

1. e4 e6 2. d3 d5 3. e5 c5 4. Nf3 Nc6 5. Qe2 Bd7 6. g3 Rc8 7. c3 Qb6 8. Bg2 Nge7 9. 0-0 Ng6 10. h4 h5 11. Re1 Be7 12. Nbd2 Qc7 13. Nf1 b5 14. Bf4 Nxf4 15. gxf4 g6 16. Ng3 0-0 17. Ng5 Bxg5 18. hxg5 Ne7 19. Bf3 h4 20. Nf1 Kg7 21. Bg4 d4 22. Rac1 Qb6 23. Nd2 Bc6 24. Ne4 Ba8 25. Nd6 Rcd8 26. Bf3 Nd5 27. Bxd5 Bxd5 1-0